LEADER 01604nam a2200325 i 4500 001 000000156064 003 CaOOAMICUS 005 20061128000000.0 008 061128s2006 it u000 u eng u 013 $a133418 020 $a88-7839-077-1 040 $aSeMil$bita 100 1 $aSultana, Mark <1973- >.$0(OLS)http://semarc/name/61011 245 10$aSelf-deception and Akrasia :$ba comparative conceptual analysis /$cMark Sultana. 260 $aRoma :$bPontificia Università Gregoriana,$c2006. 300 $axx, 418 p ;$c23 cm. 490 0 $aAnalecta Gregoriana ;$v300. 490 0 $aAnalecta Gregoriana. Series Facultatis Philosophicae. Sectio B ;$v21 500 $aContiene : Bibliography. 650 4$aFilosofia e psicologia.$0(OLS)http://semarc/subject/4526 650 4$aAutoconvincimento - Aspetti filosofici.$0(OLS)http://semarc/subject/30521 650 4$aMancanza di autocontrollo - Aspetti psicologici e morali.$0(OLS)http://semarc/subject/30522 830 0$aAnalecta Gregoriana ;$v300.$0(OLS)http://semarc/title/9 830 0$aAnalecta Gregoriana. Series Facultatis Philosophicae. Sectio B ;$v21.$0(OLS)http://semarc/title/5957 850 $aSeMil 852 $aSeMil$W1$xVenegono$y1$m2N V 400$j107866$B107866$CSeMilBibl$Z2$F117550 $81 961 $aSottoscrizione: Pontificio Istituto Biblico 996 $6020$a88-7839-077-1$9(OLS)http://semarc/number/146175 996 $6245$aSelf-deception and Akrasia :$ba comparative conceptual analysis$9(OLS)http://semarc/title/228685 996 $6260$aRoma :$bPontificia Università Gregoriana$9(OLS)http://semarc/publisher/29750 LEADER 00525naa a2200145 i 4500 001 000000298751 003 CaOOAMICUS 005 20180831172630.0 008 180831n xx u000 u und u 013 $a6361 040 $aSeMil$bita 100 1 $aMazzoni, Giampietro.$0(OLS)http://semarc/name/30023 245 10$aComunione ecclesiale e sanzione. 773 0 $tSanzioni nella Chiesa.$dMilano : Glossa, copyr. 1997.$kQuaderni della Mendola$z88-7105-069-X$w()68369 996 $6245$aComunione ecclesiale e sanzione$9(OLS)http://semarc/title/374765